Inside the third world village (Record no. 359944)

000 -LEADER
fixed length control field 00426cam a22001457a 4500
008 - FIXED-LENGTH DATA ELEMENTS--GENERAL INFORMATION
fixed length control field 180718b1993 xxu||||| |||| 00| 0 eng d
020 ## - INTERNATIONAL STANDARD BOOK NUMBER
International Standard Book Number 0415088526
082 ## - DEWEY DECIMAL CLASSIFICATION NUMBER
Classification number B136x 62 W546
100 ## - MAIN ENTRY--PERSONAL NAME
Personal name Weyland, Petra
245 ## - TITLE STATEMENT
Title Inside the third world village
Statement of responsibility, etc. by Petra Weyland
260 ## - PUBLICATION, DISTRIBUTION, ETC.
Place of publication, distribution, etc. London
Name of publisher, distributor, etc. Routledge
Date of publication, distribution, etc. 1993
300 ## - PHYSICAL DESCRIPTION
Extent 257p.
650 ## - SUBJECT ADDED ENTRY--TOPICAL TERM
Topical term or geographic name entry element Alien labor, Egyptian - Persian gulf region.
650 ## - SUBJECT ADDED ENTRY--TOPICAL TERM
Topical term or geographic name entry element Egypt - Rural conditions
Holdings
Withdrawn status Lost status Damaged status Not for loan Permanent Location Current Location Date acquired Full call number Barcode Date last seen Price effective from Koha item type
        Indian Institute of Public Administration Indian Institute of Public Administration 1995-08-31 B136x 62 W546 67760 2018-07-21 2018-07-21 Book

Powered by Koha